000 00786nam a2200277 i 4500
001 C2-0246757
003 PPAK
005 20210829160652.0
008 030325s2000 enka j | 0 eng d
020 _a0751372498
_qpaperback
040 _aPPAK
_beng
_cPPAK
_erda
082 0 4 _a428.6
_223
090 0 0 _a428.6
_bBIR
_dK
100 1 _aBirkinshaw, Marie,
_eauthor.
245 1 0 _aTrouble at the bridge /
_cMarie Birkinshaw
264 1 _aLondon :
_bDorling Kindersley,
_c2000
300 _a32 pages :
_bcolour illustrations ;
_c23 cm
336 _2rdacontent
_atext
337 _2rdamedia
_aunmediated
338 _2rdacarrier
_avolume
490 1 _aDorling Kindersley readers
500 _aLevel 1
650 1 0 _aReaders
830 0 _aDorling Kindersley readers
942 _cB
_2ddc
999 _c60659
_d60659